Východiská a tvorba konceptu udržateľných konkurenčných výhod podniku

Faktory, ktoré v rozhodujúcej miere pôsobia na získanie a udržanie významného postavenia na trhu. Identifikovanie zdrojov udržateľnej konkurenčnej výhody. Úspešnosť tvorby podnikovej stratégie.

Gespeichert in:
Bibliographische Detailangaben
1. Verfasser: Papulová, Emília
Weitere Verfasser: Sedlák, Branislav
Format: Buchkapitel
Sprache:Slowakisch
Schlagworte:
Tags: Tag hinzufügen
Keine Tags, Fügen Sie das erste Tag hinzu!

MARC

LEADER 00000nla a2200000 4500
001 0180149
005 20240502083424.0
041 0 |a slo 
044 |a CZ 
245 1 0 |a Východiská a tvorba konceptu udržateľných konkurenčných výhod podniku  |c Emília Papulová, Branislav Sedlák 
520 |a Faktory, ktoré v rozhodujúcej miere pôsobia na získanie a udržanie významného postavenia na trhu. Identifikovanie zdrojov udržateľnej konkurenčnej výhody. Úspešnosť tvorby podnikovej stratégie. 
610 2 0 |a manažment 
610 2 0 |a riadenie zmien 
610 2 0 |a riadenie znalostí 
610 2 0 |a vedenie podniku 
610 2 0 |a technika riadenia 
610 2 0 |a výhody konkurenčné 
100 1 |a Papulová, Emília 
700 1 |a Sedlák, Branislav